Application of a numerical algorithm to the selection of reserves in semi-arid New South Wales (Registro nro. 12061)

Detalles MARC
000 -CABECERA
Campo de control 006280000a22001810004500
090 ## - CLASIFICACIÓN LOCAL
Colección AR
Consecutivo 03004
041 0# - IDIOMA
Código de idioma para texto/pista de sonido o título separado
100 1# - ASIENTO PRINCIPAL--NOMBRE PERSONAL
Nombre personal Pressey, Robert L.
245 10 - MENCION DE TITULO
Título Application of a numerical algorithm to the selection of reserves in semi-arid New South Wales
650 14 - ASIENTO SECUNDARIO DE MATERIA - TERMINO TEMATICO
Término temático o nombre geográfico como elemento de entrada Selección de áreas protegidas
650 14 - ASIENTO SECUNDARIO DE MATERIA - TERMINO TEMATICO
Término temático o nombre geográfico como elemento de entrada Métodos de investigación
650 14 - ASIENTO SECUNDARIO DE MATERIA - TERMINO TEMATICO
Término temático o nombre geográfico como elemento de entrada Conservación
650 14 - ASIENTO SECUNDARIO DE MATERIA - TERMINO TEMATICO
Término temático o nombre geográfico como elemento de entrada Ecología estadística
651 #4 - ASIENTO SECUNDARIO DE MATERIA - NOMBRE GEOGRAFICO
-- Nueva Gales del Sur
-- Australia
700 1# - ASIENTO SECUNDARIO - NOMBRE PERSONAL
Nombre personal Nicholls, A. O.
773 1# - Item fuente:
Título Biological Conservation
Especificación de materiales 147
Paginas del Articulo 263-278
Lugar, editorial y fecha de publicación 1989
Información sobre la relación 50
942 ## - ELEMENTOS ADICIONALES (KOHA)
Tipo de ítem Artículo
Existencias
Withdrawn status Lost status Damaged status No para préstamo Colección Ubicación Permanente Ubicación actual Fecha de adquisición Datos de publicación Seriada Total Checkouts Número topográfico Inventario / Código de Barras Date last seen Ejemplar Price effective from Forma de adquisición Tipo de material
      No para Préstamo Hemeroteca Bogotá Bogotá 27/02/2015 Fuera de circulación   AR 03004 013499 25/03/2015 1 25/03/2015   Artículo
      No para Préstamo Hemeroteca Bogotá Bogotá 27/02/2015 Fuera de circulación   AR 03004 013500 25/03/2015 2 25/03/2015   Artículo